[Event "2. Bundesliga West 2008/2009"]
[Site "Schwaz"]
[Date "2009.01.17"]
[Round "7"]
[Board "1"]
[White "Dobosz, Henryk"]
[Black "Brumen, Dinko"]
[Result "1/2-1/2"]
[WhiteElo "2440"]
[BlackElo "2368"]
[PlyCount "111"]
[EventDate "2008.10.17"]
[EventType "team"]
[EventRounds "11"]
[EventCountry "AUT"]
[WhiteTeam "Goetzis"]
[BlackTeam "Sparkasse Schwarzach"]

1.d4 d5 2.c4 e6 3.Nc3 Nf6 4.cxd5 exd5 5.Bg5 c6 6.e3 Be7 7.Qc2 O-O 8.Bd3 Nbd7
9.Nf3 Re8 10.O-O Nf8 11.Bxf6 Bxf6 12.b4 Bg4 13.Nd2 Be7 14.b5 Bd6 15.Rfe1 Qh4
16.Nf1 Re6 17.f3 Bh5 18.bxc6 bxc6 19.Qf2 Qd8 20.Rab1 a5 21.Rec1 Bg6 22.Bxg6 Rxg6
23.Na4 Nd7 24.Rb7 Rb8 25.Qb2 Bb4 26.Rxb8 Nxb8 27.Nc5 h5 28.a3 Bxc5 29.Rxc5 Nd7
30.Rc1 Qf6 31.Qb1 h4 32.h3 Qg5 33.Qb2 a4 34.Rc3 Qf6 35.Kh1 Nf8 36.Qb8 Qg5 37.Rc2
Qe7 38.Rc5 Kh7 39.Qb1 Kg8 40.Qb8 Qg5 41.Rc2 f5 42.Qa8 f4 43.exf4 Qxf4 44.Qxa4
Re6 45.Qb4 Nh7 46.Qd2 Qxd2 47.Rxd2 Re1 48.Kg1 Ra1 49.Rc2 Rxa3 50.Rxc6 Rd3 51.Kf2
Rxd4 52.Ne3 Nf6 53.Rc8+ Kh7 54.Rc7 Ra4 55.Nf5 Nh5 56.Rd7

[Event "2. Bundesliga West 2008/2009"]
[Site "Schwaz"]
[Date "2009.01.17"]
[Round "7"]
[Board "2"]
[White "Krstic, Uros"]
[Black "Eisenbeiser, Amadeus"]
[Result "1/2-1/2"]
[WhiteElo "2367"]
[BlackElo "2434"]
[PlyCount "85"]
[EventDate "2008.10.17"]
[EventType "team"]
[EventRounds "11"]
[EventCountry "AUT"]
[WhiteTeam "Sparkasse Schwarzach"]
[BlackTeam "Goetzis"]

1.e4 d6 2.Nf3 Nf6 3.Nc3 e5 4.Bc4 Be7 5.O-O O-O 6.Re1 Nc6 7.h3 Nd4 8.Nxd4 exd4
9.Nb5 c5 10.d3 a6 11.Nxd6 Qxd6 12.e5 Qc6 13.exf6 Bxf6 14.Qh5 Be6 15.Bxe6 fxe6
16.b3 b5 17.Re2 c4 18.Ba3 Rfe8 19.Rae1 Rad8 20.Qg4 Kf7 21.Qh5+ Kg8 22.Re4 Rd5
23.Qe2 cxb3 24.cxb3 Kf7 25.Rc1 Qd7 26.Qc2 Bg5 27.f4 Be7 28.Bxe7 Rxe7 29.b4 Qd6
30.Qc6 Rd7 31.Kf2 Qxc6 32.Rxc6 R7d6 33.Rxd6 Rxd6 34.Re2 Rc6 35.Kf3 Rc1 36.Ke4
Rb1 37.Kxd4 Rxb4+ 38.Ke5 Rb1 39.g4 Rh1 40.Re3 Ra1 41.Re2 Rh1 42.Re3 Ra1 43.Re2

[Event "2. Bundesliga West 2008/2009"]
[Site "Schwaz"]
[Date "2009.01.17"]
[Round "7"]
[Board "3"]
[White "Schmidlechner, Alexander"]
[Black "Danner, Georg"]
[Result "1/2-1/2"]
[WhiteElo "2210"]
[BlackElo "2440"]
[PlyCount "129"]
[EventDate "2008.10.17"]
[EventType "team"]
[EventRounds "11"]
[EventCountry "AUT"]
[WhiteTeam "Goetzis"]
[BlackTeam "Sparkasse Schwarzach"]

1.d4 e6 2.c4 f5 3.Nf3 Nf6 4.g3 d6 5.Bg2 Be7 6.O-O O-O 7.Nc3 Qe8 8.b3 Nc6 9.Bb2
a5 10.e3 Bd7 11.d5 Nd8 12.dxe6 Nxe6 13.Nd4 Nc5 14.a3 Nfe4 15.b4 Nxc3 16.Bxc3 Ne4
17.Bb2 Bf6 18.Qe2 c5 19.bxc5 dxc5 20.Nf3 Bc6 21.Bxf6 Rxf6 22.Qb2 Qh5 23.Rad1 Rh6
24.h4 Re8 25.Ne5 Rhe6 26.Nxc6 bxc6 27.Bxe4 fxe4 28.Rd7 Rg6 29.Rfd1 Qxh4 30.Rxg7+
Rxg7 31.Qxg7+ Kxg7 32.gxh4 Re6 33.Rd7+ Kg6 34.Ra7 h6 35.Rxa5 Kh5 36.Rxc5+ Kxh4
37.a4 Kg4 38.a5 Kf3 39.a6 Rd6 40.Rf5+ Ke2 41.Ra5 Rd8 42.a7 Ra8 43.c5 Kf3 44.Ra6
h5 45.Kf1 Rd8 46.Kg1 Ra8 47.Rxc6 Rxa7 48.Rf6+ Ke2 49.Kg2 Rg7+ 50.Kh3 Rg5 51.c6
Rc5 52.Kg3 Rc4 53.Rh6 Kf1 54.Rf6 Ke2 55.Kh4 Rc5 56.Kg3 Rc4 57.Rh6 Kf1 58.Rxh5
Rxc6 59.Kf4 Kxf2 60.Rh2+ Kg1 61.Ra2 Re6 62.Ra4 Kf2 63.Rxe4 Rf6+ 64.Ke5 Ra6
65.Rb4

[Event "2. Bundesliga West 2008/2009"]
[Site "Schwaz"]
[Date "2009.01.17"]
[Round "7"]
[Board "4"]
[White "Hrvacic, Pavle"]
[Black "Scheffknecht, Philipp"]
[Result "1-0"]
[WhiteElo "2298"]
[BlackElo "2187"]
[PlyCount "89"]
[EventDate "2008.10.17"]
[EventType "team"]
[EventRounds "11"]
[EventCountry "AUT"]
[WhiteTeam "Sparkasse Schwarzach"]
[BlackTeam "Goetzis"]

1.e4 c5 2.c3 e6 3.d4 d5 4.exd5 exd5 5.Nf3 Nf6 6.Bb5+ Bd7 7.Qe2+ Qe7 8.Be3 Ng4
9.O-O Bxb5 10.Qxb5+ Qd7 11.Qxd7+ Kxd7 12.Bf4 Nc6 13.h3 Nf6 14.dxc5 Bxc5 15.Nbd2
Rhe8 16.Rad1 h6 17.b4 Bd6 18.Be3 Rac8 19.a3 Ne5 20.Nxe5+ Bxe5 21.c4 d4 22.Nf3
Ke6 23.Bxd4 Bb8 24.Nh4 Ne4 25.Rfe1 f5 26.Bxg7 Rg8 27.Bxh6 Kf6 28.Be3 Rxc4
29.Bd4+ Kg5 30.Nf3+ Kh5 31.Be3 Nf6 32.Rd4 Rxd4 33.Nxd4 f4 34.Bc1 Kg5 35.g3 Kh5
36.g4+ Kh4 37.Kg2 Kg5 38.Bxf4+ Bxf4 39.Ne6+ Kg6 40.Nxf4+ Kf7 41.Kf3 Rc8 42.g5
Rc3+ 43.Re3 Rxe3+ 44.Kxe3 Nd5+ 45.Nxd5

[Event "2. Bundesliga West 2008/2009"]
[Site "Schwaz"]
[Date "2009.01.17"]
[Round "7"]
[Board "5"]
[White "Kranz, Armin"]
[Black "Ljubic, Juro"]
[Result "0-1"]
[WhiteElo "2168"]
[BlackElo "2222"]
[PlyCount "84"]
[EventDate "2008.10.17"]
[EventType "team"]
[EventRounds "11"]
[EventCountry "AUT"]
[WhiteTeam "Goetzis"]
[BlackTeam "Sparkasse Schwarzach"]

1.d4 c5 2.d5 e6 3.c4 exd5 4.cxd5 d6 5.Nc3 Be7 6.e4 Bf6 7.Bd3 Ne7 8.Nge2 Ng6
9.O-O O-O 10.f4 Bg4 11.Be3 Na6 12.a3 Re8 13.Qd2 Nc7 14.b4 Bxe2 15.Nxe2 Bxa1
16.Rxa1 b6 17.Nc3 Qe7 18.Re1 a5 19.bxc5 bxc5 20.Bf2 Qf6 21.Bg3 h5 22.e5 dxe5
23.Bxg6 exf4 24.Rxe8+ Nxe8 25.Bxf7+ Kxf7 26.Qxf4 Qxf4 27.Bxf4 Nf6 28.Bc7 Ke7
29.Kf2 Kd7 30.Bf4 Rf8 31.Ke3 Ng4+ 32.Ke4 Re8+ 33.Kf5 Ne3+ 34.Kg6 Nxg2 35.Bg5 Re5
36.h4 c4 37.Kxg7 Rxg5+ 38.hxg5 h4 39.Kf6 h3 40.Ne4 h2 41.Ng3 Nf4 42.Ke5 c3

[Event "2. Bundesliga West 2008/2009"]
[Site "Schwaz"]
[Date "2009.01.17"]
[Round "7"]
[Board "6"]
[White "Stoeckl, Norbert"]
[Black "Wallis, Anton"]
[Result "0-1"]
[WhiteElo "2084"]
[BlackElo "2153"]
[PlyCount "68"]
[EventDate "2008.10.17"]
[EventType "team"]
[EventRounds "11"]
[EventCountry "AUT"]
[WhiteTeam "Sparkasse Schwarzach"]
[BlackTeam "Goetzis"]

1.e4 c5 2.Nf3 d6 3.d4 cxd4 4.Nxd4 Nf6 5.Nc3 a6 6.Be2 e6 7.O-O Be7 8.a4 b6 9.f4
Bb7 10.Bf3 Qc7 11.Kh1 Nc6 12.Nb3 Nb4 13.Be3 d5 14.e5 Ne4 15.Bxe4 dxe4 16.Qe2 Nd5
17.Bd4 Nxc3 18.Bxc3 O-O 19.f5 exf5 20.Nd4 g6 21.Rxf5 gxf5 22.Nxf5 Kh8 23.Qg4 Rg8
24.Qf4 Bg5 25.Qg3 Qc6 26.Nd6 h6 27.e6+ Kh7 28.exf7 Rg6 29.Ne8 Rxe8 30.fxe8=Q
Qxe8 31.Qc7+ Qe7 32.Qc4 Bf6 33.Rf1 e3 34.Bxf6 Bxg2+

[Event "2. Bundesliga West 2008/2009"]
[Site "Schwaz"]
[Date "2009.01.18"]
[Round "8"]
[Board "1"]
[White "Dobosz, Henryk"]
[Black "Reich, Thomas"]
[Result "1-0"]
[WhiteElo "2440"]
[BlackElo "2425"]
[PlyCount "159"]
[EventDate "2008.10.17"]
[EventType "team"]
[EventRounds "11"]
[EventCountry "AUT"]
[WhiteTeam "Goetzis"]
[BlackTeam "Sparkasse Jenbach II"]

1.c4 Nf6 2.Nc3 g6 3.e4 Bg7 4.d4 O-O 5.Bg5 c5 6.d5 d6 7.h3 a6 8.a4 Qa5 9.Bd2 e6
10.Bd3 exd5 11.exd5 Nbd7 12.f4 Re8+ 13.Kf2 Qd8 14.Nf3 b6 15.Qc2 Ra7 16.Rhe1 Nf8
17.Rxe8 Nxe8 18.f5 Nd7 19.Bg5 Bf6 20.Bxf6 Ndxf6 21.g4 g5 22.Qd2 h6 23.Rg1 Nh7
24.h4 a5 25.hxg5 hxg5 26.Rh1 f6 27.Ne4 Rg7 28.Rh5 Bd7 29.b3 Qe7 30.Qb2 Rf7
31.Kg1 Rg7 32.Kf2 Rf7 33.Ke3 Rg7 34.Kd2 Rf7 35.Kc1 Rg7 36.Kb1 Rf7 37.Ka1 Rg7
38.Bb1 Rf7 39.Ka2 Rg7 40.Ka3 Rf7 41.Nfd2 Qe5 42.Qxe5 dxe5 43.Kb2 Nf8 44.Kc3 Kg7
45.Rh2 Bc8 46.Nf3 Nh7 47.Kd2 Rd7 48.Ke3 Rd8 49.Bd3 Bb7 50.Nfd2 Nf8 51.Nf1 Nd6
52.Nxd6 Rxd6 53.Ng3 Rd8 54.Ne4 Nd7 55.Be2 Ba8 56.Bf3 Nb8 57.Ng3 Na6 58.Rd2 Nb4
59.Be4 Rd6 60.Kf3 Bb7 61.Ne2 Na6 62.Nc3 Nc7 63.Ke3 Ne8 64.Nb5 Ba6 65.Nxd6 Nxd6
66.Bd3 Kf7 67.Rd1 Kg7 68.Ra1 Kf8 69.b4 cxb4 70.c5 Bxd3 71.cxd6 Bc2 72.Kd2 b3
73.Rh1 Ke8 74.Rh7 e4 75.Kc3 Kd8 76.Rf7 e3 77.Rxf6 Bd1 78.Rf7 Bxg4 79.f6 e2
80.Re7

[Event "2. Bundesliga West 2008/2009"]
[Site "Schwaz"]
[Date "2009.01.18"]
[Round "8"]
[Board "3"]
[White "Scheffknecht, Philipp"]
[Black "Micheli, Carlo"]
[Result "1/2-1/2"]
[WhiteElo "2187"]
[BlackElo "2289"]
[PlyCount "82"]
[EventDate "2008.10.17"]
[EventType "team"]
[EventRounds "11"]
[EventCountry "AUT"]
[WhiteTeam "Goetzis"]
[BlackTeam "Sparkasse Jenbach II"]

1.d4 Nf6 2.Nf3 g6 3.g3 Bg7 4.Bg2 O-O 5.O-O d6 6.c4 Nc6 7.d5 Na5 8.Nfd2 c5 9.Nc3
e5 10.dxe6 Bxe6 11.Nd5 Nd7 12.Rb1 Ne5 13.b3 Bf5 14.e4 Bg4 15.f3 Be6 16.Bb2 f5
17.Bh3 Nac6 18.exf5 gxf5 19.f4 Ng4 20.Nf3 h6 21.Re1 Qd7 22.Bxg7 Kxg7 23.Rb2 Rae8
24.Rbe2 Qf7 25.Nc7 Qxc7 26.Rxe6 Rxe6 27.Rxe6 Rf6 28.Rxf6 Kxf6 29.Qa1+ Ke6 30.Qh8
Qe7 31.Qc8+ Kf6 32.Bxg4 fxg4 33.Qxg4 Qe2 34.Qh5 Kg7 35.f5 Ne5 36.f6+ Kxf6
37.Qxh6+ Ke7 38.Qg7+ Kd8 39.Nxe5 Qe1+ 40.Kg2 Qe2+ 41.Kh3 Qh5+

[Event "2. Bundesliga West 2008/2009"]
[Site "Schwaz"]
[Date "2009.01.18"]
[Round "8"]
[Board "5"]
[White "Wallis, Anton"]
[Black "Schnegg, Daniel"]
[Result "1/2-1/2"]
[WhiteElo "2153"]
[BlackElo "2090"]
[PlyCount "26"]
[EventDate "2008.10.17"]
[EventType "team"]
[EventRounds "11"]
[EventCountry "AUT"]
[WhiteTeam "Goetzis"]
[BlackTeam "Sparkasse Jenbach II"]

1.e4 c5 2.c3 d5 3.exd5 Qxd5 4.d4 Nf6 5.Nf3 Bg4 6.Be2 e6 7.O-O Be7 8.Na3 Nc6
9.Nc2 Qd7 10.h3 Bf5 11.Ne3 Be4 12.dxc5 Bxc5 13.Qxd7+ Nxd7

[Event "2. Bundesliga West 2008/2009"]
[Site "Schwaz"]
[Date "2009.01.18"]
[Round "8"]
[Board "6"]
[White "Schnegg, Martin"]
[Black "Ferk, Martin"]
[Result "1-0"]
[WhiteElo "2061"]
[BlackElo "1980"]
[PlyCount "61"]
[EventDate "2008.10.17"]
[EventType "team"]
[EventRounds "11"]
[EventCountry "AUT"]
[WhiteTeam "Sparkasse Jenbach II"]
[BlackTeam "Goetzis"]

1.e4 e6 2.d4 d5 3.Nd2 dxe4 4.Nxe4 Nd7 5.Nf3 Ngf6 6.Bg5 Be7 7.Bxf6 Nxf6 8.Bd3 O-O
9.Qe2 Nd5 10.O-O-O Nf4 11.Qe3 Nxd3+ 12.Rxd3 Qd5 13.Kb1 Bd7 14.Nc3 Qa5 15.Qe4 Qb6
16.Ne5 Bc6 17.Nxc6 bxc6 18.Rh3 h6 19.g4 Rfd8 20.Ne2 Bf6 21.Rb3 Qa6 22.h4 Qc4
23.g5 Bxd4 24.c3 Rab8 25.Rxb8 Rxb8 26.cxd4 e5 27.Qc2 Qd5 28.Rd1 hxg5 29.hxg5
exd4 30.g6 c5 31.Nf4

[Event "2. Bundesliga West 2008/2009"]
[Site "Schwaz"]
[Date "2009.01.18"]
[Round "8"]
[Board "1"]
[White "Weindl, Alfred"]
[Black "Fuchs, Georg"]
[Result "1-0"]
[WhiteElo "2352"]
[BlackElo "2231"]
[PlyCount "45"]
[EventDate "2008.10.17"]
[EventType "team"]
[EventRounds "11"]
[EventCountry "AUT"]
[WhiteTeam "Bregenz"]
[BlackTeam "Schwaz"]

1.Nf3 c5 2.g3 Nc6 3.Bg2 e5 4.O-O f5 5.d3 Nf6 6.e4 d6 7.c3 Be7 8.Re1 O-O 9.exf5
Bxf5 10.d4 e4 11.Nh4 Be6 12.d5 Bxd5 13.Bg5 Bf7 14.Nf5 d5 15.c4 Ne5 16.cxd5 Bh5
17.Nxe7+ Kh8 18.Bxf6 Qe8 19.Qc2 Rxf6 20.Qxe4 Nf3+ 21.Bxf3 Bxf3 22.Qe5 Qd7 23.Nd2

[Event "2. Bundesliga West 2008/2009"]
[Site "Schwaz"]
[Date "2009.01.18"]
[Round "8"]
[Board "2"]
[White "Gruber, Michael"]
[Black "Herbrechtsmeier, Christof"]
[Result "1/2-1/2"]
[WhiteElo "2112"]
[BlackElo "2305"]
[PlyCount "50"]
[EventDate "2008.10.17"]
[EventType "team"]
[EventRounds "11"]
[EventCountry "AUT"]
[WhiteTeam "Schwaz"]
[BlackTeam "Bregenz"]

1.e4 c5 2.Nf3 Nc6 3.d4 cxd4 4.Nxd4 g6 5.c4 Nf6 6.Nc3 d6 7.Nc2 Bg7 8.Be2 Nd7
9.Bd2 Nc5 10.b4 Ne6 11.Rc1 b6 12.Nd5 Bb7 13.b5 Ncd4 14.Nxd4 Nxd4 15.Bg5 Bxd5
16.exd5 O-O 17.Be3 e5 18.dxe6 Nxe6 19.O-O Nc5 20.Qd5 Qf6 21.Rfd1 Qb2 22.Bf1 Rac8
23.f3 Na4 24.Bd4 Bxd4+ 25.Qxd4 Qa3

[Event "2. Bundesliga West 2008/2009"]
[Site "Schwaz"]
[Date "2009.01.18"]
[Round "8"]
[Board "3"]
[White "Poettinger, Harald"]
[Black "Riedl, Johannes"]
[Result "1-0"]
[WhiteElo "2207"]
[BlackElo "2145"]
[PlyCount "139"]
[EventDate "2008.10.17"]
[EventType "team"]
[EventRounds "11"]
[EventCountry "AUT"]
[WhiteTeam "Bregenz"]
[BlackTeam "Schwaz"]

1.e4 e6 2.c4 d5 3.exd5 exd5 4.cxd5 Nf6 5.Nc3 Nxd5 6.Bc4 Nxc3 7.bxc3 Be7 8.Nf3
O-O 9.h3 b6 10.O-O Bb7 11.d4 Nd7 12.Re1 Bd6 13.Qd3 Qf6 14.Bg5 Qg6 15.Qxg6 hxg6
16.Be7 Rfe8 17.Bxd6 Bxf3 18.Bxc7 Rec8 19.gxf3 Rxc7 20.Bd5 Rd8 21.Re7 Rxc3
22.Bxf7+ Kh7 23.Kg2 Rd3 24.Rc1 Rxd4 25.Rc7 Nf6 26.Be6 Nh5 27.Bg4 Ra4 28.Bxh5
gxh5 29.Rxg7+ Kh6 30.Rxa7 Ra8 31.Rxa8 Rxa8 32.Rb7 Ra6 33.Kg3 Kg5 34.f4+ Kf6
35.f3 Kf5 36.Rh7 Kg6 37.Rd7 b5 38.Rd5 b4 39.Rg5+ Kf6 40.Rb5 Rxa2 41.Rxb4 Ra3
42.Rb6+ Kg7 43.f5 Ra4 44.Rg6+ Kh7 45.Rg5 Kh6 46.f4 Rb4 47.Rg6+ Kh7 48.Rc6 Kg7
49.Kh4 Rxf4+ 50.Kg5 Rf1 51.Rc7+ Kg8 52.h4 Rf2 53.Kg6 Kf8 54.Rh7 Rg2+ 55.Kf6 Kg8
56.Rxh5 Ra2 57.Rh6 Rb2 58.h5 Rb6+ 59.Kg5 Rb1 60.Ra6 Rb2 61.Ra8+ Kf7 62.Ra7+ Kg8
63.Kg6 Rg2+ 64.Kf6 Rb2 65.Rg7+ Kh8 66.Rd7 Rb6+ 67.Kf7 Kh7 68.f6 Kh8 69.Kg6 Rb8
70.Rh7+

[Event "2. Bundesliga West 2008/2009"]
[Site "Schwaz"]
[Date "2009.01.18"]
[Round "8"]
[Board "4"]
[White "Kondrak, Christof"]
[Black "Bezler, Rainer"]
[Result "0-1"]
[WhiteElo "2148"]
[BlackElo "2245"]
[PlyCount "82"]
[EventDate "2008.10.17"]
[EventType "team"]
[EventRounds "11"]
[EventCountry "AUT"]
[WhiteTeam "Schwaz"]
[BlackTeam "Bregenz"]

1.d4 d5 2.Nf3 Nf6 3.c4 c6 4.Bf4 dxc4 5.a4 Bf5 6.Nc3 e6 7.e3 Nd5 8.Bxb8 Rxb8
9.Bxc4 Bd6 10.O-O Qf6 11.Re1 Nxc3 12.bxc3 Be4 13.Nd2 Bg6 14.e4 e5 15.d5 O-O
16.Ba2 cxd5 17.Bxd5 Kh8 18.Nb3 b6 19.Qd3 Qe7 20.a5 h6 21.axb6 axb6 22.f3 f6
23.Ra6 Rfc8 24.Rea1 Be8 25.Ra7 Rc7 26.Ra8 Rbc8 27.Qa6 Rxa8 28.Qxa8 Rxc3 29.h3
Kh7 30.Nd2 Bc5+ 31.Kh2 Be3 32.Ra7 Bf4+ 33.g3 Qc5 34.Bg8+ Kh8 35.Bc4 Qf2+ 36.Kh1
Rc1+ 37.Bf1 Rxf1+ 38.Nxf1 Qxf1+ 39.Kh2 Bxg3+ 40.Kxg3 Qg1+ 41.Kh4 Qg5#

[Event "2. Bundesliga West 2008/2009"]
[Site "Schwaz"]
[Date "2009.01.18"]
[Round "8"]
[Board "5"]
[White "Mira, Helene"]
[Black "Koell,  Hannes"]
[Result "1/2-1/2"]
[WhiteElo "2115"]
[BlackElo "2105"]
[PlyCount "81"]
[EventDate "2008.10.17"]
[EventType "team"]
[EventRounds "11"]
[EventCountry "AUT"]
[WhiteTeam "Bregenz"]
[BlackTeam "Schwaz"]

1.Nf3 g6 2.c4 Bg7 3.d4 d6 4.e4 Bg4 5.Be2 Nc6 6.Be3 e5 7.d5 Bxf3 8.Bxf3 Nd4 9.Nc3
Ne7 10.Nb5 c5 11.dxc6 Nexc6 12.Nc3 O-O 13.O-O f5 14.exf5 gxf5 15.Bd5+ Kh8 16.f4
Ne7 17.Rf2 Rc8 18.Rc1 b5 19.b3 b4 20.Ne2 Nxd5 21.cxd5 Rxc1 22.Nxc1 Qa5 23.fxe5
dxe5 24.Nd3 Qxd5 25.Nxb4 Qb5 26.Nc2 Rd8 27.Rd2 Qd5 28.Qh5 Qa5 29.Nxd4 exd4
30.Bh6 Bxh6 31.Qxh6 Qe5 32.Qh4 Qe3+ 33.Kf1 Rd7 34.Re2 Qc1+ 35.Kf2 Kg7 36.Re7+
Rxe7 37.Qxe7+ Kg6 38.Qd6+ Kf7 39.Qxd4 Qc2+ 40.Kf3 Qxa2 41.Qd5+

[Event "2. Bundesliga West 2008/2009"]
[Site "Schwaz"]
[Date "2009.01.18"]
[Round "8"]
[Board "6"]
[White "Streiter, Gerhard"]
[Black "Lenninger, Ralf"]
[Result "1/2-1/2"]
[WhiteElo "1948"]
[BlackElo "2035"]
[PlyCount "62"]
[EventDate "2008.10.17"]
[EventType "team"]
[EventRounds "11"]
[EventCountry "AUT"]
[WhiteTeam "Schwaz"]
[BlackTeam "Bregenz"]

1.e4 c6 2.d4 d5 3.Nc3 g6 4.Nf3 Bg4 5.e5 e6 6.h3 Bxf3 7.Qxf3 Nd7 8.Be3 Bb4 9.Bd2
Ne7 10.Bd3 a6 11.a3 Ba5 12.b4 Bc7 13.O-O Nf5 14.Bxf5 gxf5 15.Ne2 h5 16.Qg3 Qe7
17.Bg5 Qf8 18.Qh4 Bd8 19.Bxd8 Rxd8 20.Rfe1 Qh6 21.Qf4 Qg6 22.Qf3 h4 23.Nf4 Qg5
24.a4 Nb6 25.b5 Nc4 26.Red1 Ke7 27.bxc6 bxc6 28.Rab1 Rb8 29.Rb3 Kd7 30.Kh1 a5
31.Rxb8 Rxb8

[Event "2. Bundesliga West 2008/2009"]
[Site "Schwaz"]
[Date "2009.01.18"]
[Round "8"]
[Board "1"]
[White "Westermeier, Arnulf"]
[Black "Bromberger, Stefan"]
[Result "0-1"]
[WhiteElo "2274"]
[BlackElo "2490"]
[PlyCount "46"]
[EventDate "2008.10.17"]
[EventType "team"]
[EventRounds "11"]
[EventCountry "AUT"]
[WhiteTeam "ASK Salzburg"]
[BlackTeam "Rochade Rum"]

1.e4 c5 2.Nf3 d6 3.d4 cxd4 4.Nxd4 Nf6 5.Nc3 a6 6.Bg5 e6 7.Qf3 Be7 8.O-O-O Qc7
9.Qg3 Nbd7 10.Kb1 b5 11.Bxb5 axb5 12.Ndxb5 Qc5 13.Bxf6 Bxf6 14.Qxd6 Qxd6 15.Rxd6
Be5 16.Rd2 Ba6 17.f3 Nb6 18.b3 O-O 19.a4 Rfc8 20.Rd3 Nxa4 21.bxa4 Bxb5 22.Nxb5
Rxa4 23.c3 Ra5

[Event "2. Bundesliga West 2008/2009"]
[Site "Schwaz"]
[Date "2009.01.18"]
[Round "8"]
[Board "2"]
[White "Gatterer, Florian"]
[Black "Navratil, Robert"]
[Result "1-0"]
[WhiteElo "2302"]
[BlackElo "2127"]
[PlyCount "85"]
[EventDate "2008.10.17"]
[EventType "team"]
[EventRounds "11"]
[EventCountry "AUT"]
[WhiteTeam "Rochade Rum"]
[BlackTeam "ASK Salzburg"]

1.e4 d5 2.exd5 Nf6 3.Nf3 Bg4 4.Bb5+ Nbd7 5.h3 a6 6.Be2 Bh5 7.c4 e6 8.dxe6 fxe6
9.O-O Bd6 10.d4 O-O 11.c5 Be7 12.Ng5 Bf7 13.Nxf7 Rxf7 14.Nc3 Nf8 15.Be3 Qd7
16.b4 Nd5 17.Nxd5 exd5 18.a4 c6 19.b5 axb5 20.axb5 Rxa1 21.Qxa1 Bf6 22.Rb1 Qe8
23.bxc6 bxc6 24.Bg4 Re7 25.Qc3 Ne6 26.Bxe6+ Rxe6 27.Rb6 Qh5 28.Qb3 Be7 29.Rb8+
Kf7 30.Qb7 Qe2 31.Qc7 g5 32.Rb7 h6 33.Rb6 Qd1+ 34.Kh2 Qa4 35.Rb8 Qc2 36.Qd7 Qg6
37.Rc8 h5 38.Qe8+ Kf6 39.Qh8+ Kf5 40.Rxc6 Ke4 41.Qe5+ Rxe5 42.Rxg6 Rf5 43.Re6+

[Event "2. Bundesliga West 2008/2009"]
[Site "Schwaz"]
[Date "2009.01.18"]
[Round "8"]
[Board "3"]
[White "Juergens, Klaus"]
[Black "Eybl, Alexander"]
[Result "0-1"]
[WhiteElo "2196"]
[BlackElo "2270"]
[PlyCount "82"]
[EventDate "2008.10.17"]
[EventType "team"]
[EventRounds "11"]
[EventCountry "AUT"]
[WhiteTeam "ASK Salzburg"]
[BlackTeam "Rochade Rum"]

1.Nf3 Nf6 2.c4 e6 3.g3 d5 4.Bg2 Be7 5.O-O O-O 6.b3 c5 7.Bb2 Nc6 8.e3 d4 9.exd4
cxd4 10.Re1 Ne8 11.a3 a5 12.d3 f6 13.Nbd2 Nc7 14.h3 e5 15.g4 Ne6 16.Nf1 Nf4
17.Bc1 Nxg2 18.Kxg2 b6 19.Ng3 Bb7 20.Rg1 Qd7 21.Kf1 Nd8 22.Nf5 Nf7 23.Qe2 Rae8
24.h4 Bc5 25.Nd2 Nd6 26.Nxd6 Bxd6 27.Ne4 Be7 28.Ng3 b5 29.a4 bxc4 30.bxc4 Bb4
31.f3 Bc6 32.Qd1 Bc3 33.Ra2 Rb8 34.Ne4 Rb1 35.Ke2 Rfb8 36.Qc2 Bxe4 37.fxe4 h5
38.Kf3 hxg4+ 39.Rxg4 f5 40.exf5 Qxf5+ 41.Kg3 Be1+

[Event "2. Bundesliga West 2008/2009"]
[Site "Schwaz"]
[Date "2009.01.18"]
[Round "8"]
[Board "4"]
[White "Jedinger, Andreas"]
[Black "Besner, Bernhard"]
[Result "1/2-1/2"]
[WhiteElo "2183"]
[BlackElo "2145"]
[PlyCount "37"]
[EventDate "2008.10.17"]
[EventType "team"]
[EventRounds "11"]
[EventCountry "AUT"]
[WhiteTeam "Rochade Rum"]
[BlackTeam "ASK Salzburg"]

1.e4 d5 2.exd5 Qxd5 3.Nc3 Qa5 4.d4 Nf6 5.Nf3 Bg4 6.h3 Bh5 7.g4 Bg6 8.Ne5 e6 9.h4
Nbd7 10.Nc4 Qa6 11.Rh3 Bb4 12.f3 Qa4 13.h5 Bxc3+ 14.bxc3 Bxc2 15.Qd2 Bb3 16.Nb2
Qa3 17.Nc4 Qa4 18.Nb2 Qa3 19.Nc4

[Event "2. Bundesliga West 2008/2009"]
[Site "Schwaz"]
[Date "2009.01.18"]
[Round "8"]
[Board "5"]
[White "Loeffler, Christoph"]
[Black "Muehlbacher, Bernhard"]
[Result "0-1"]
[WhiteElo "2166"]
[BlackElo "2171"]
[PlyCount "84"]
[EventDate "2008.10.17"]
[EventType "team"]
[EventRounds "11"]
[EventCountry "AUT"]
[WhiteTeam "ASK Salzburg"]
[BlackTeam "Rochade Rum"]

1.e4 c5 2.Nc3 Nc6 3.f4 g6 4.Nf3 Bg7 5.Bc4 e6 6.f5 Ne5 7.Nxe5 Bxe5 8.Qf3 gxf5
9.O-O Qh4 10.g3 Qg4 11.d3 Qxf3 12.Rxf3 fxe4 13.dxe4 Nf6 14.Bg5 Ng4 15.Bf4 a6
16.Be2 b5 17.Bxe5 Nxe5 18.Rf4 Bb7 19.Raf1 Ke7 20.Bh5 Raf8 21.Kf2 Rhg8 22.Ke3
Nc4+ 23.Ke2 f6 24.b3 Ne5 25.Ke3 Rg5 26.Rh4 d5 27.exd5 exd5 28.Kf4 Ke6 29.g4 Rfg8
30.Re1 Kd6 31.Rd1 Ke6 32.Re1 R8g7 33.h3 Bc6 34.Ne2 Kd6 35.Ng3 Bd7 36.Nf5+ Bxf5
37.gxf5 Rg2 38.Re2 Rg1 39.Ke3 R7g3+ 40.Kd2 c4 41.Rf2 c3+ 42.Ke2 Rc1

[Event "2. Bundesliga West 2008/2009"]
[Site "Schwaz"]
[Date "2009.01.18"]
[Round "8"]
[Board "4"]
[White "Schiestl, Josef"]
[Black "Durakovic, Alman"]
[Result "1/2-1/2"]
[WhiteElo "2147"]
[BlackElo "2151"]
[PlyCount "33"]
[EventDate "2008.10.17"]
[EventType "team"]
[EventRounds "11"]
[EventCountry "AUT"]
[WhiteTeam "Mayrhofen/Zillertal"]
[BlackTeam "Wuestenrot Inter Sbg Sued"]

1.e4 c5 2.Nf3 d6 3.d4 cxd4 4.Nxd4 Nf6 5.Nc3 a6 6.Be3 Ng4 7.Bg5 h6 8.Bh4 g5 9.Bg3
Bg7 10.Be2 h5 11.Bxg4 Bxg4 12.f3 Bd7 13.Bf2 Nc6 14.O-O e6 15.Nxc6 Bxc6 16.Qd2
Qf6 17.Rad1

[Event "2. Bundesliga West 2008/2009"]
[Site "Schwaz"]
[Date "2009.01.18"]
[Round "8"]
[Board "5"]
[White "Endthaler, Arnold"]
[Black "Kroell, Johannes"]
[Result "1/2-1/2"]
[WhiteElo "2061"]
[BlackElo "2207"]
[PlyCount "148"]
[EventDate "2008.10.17"]
[EventType "team"]
[EventRounds "11"]
[EventCountry "AUT"]
[WhiteTeam "Wuestenrot Inter Sbg Sued"]
[BlackTeam "Mayrhofen/Zillertal"]

1.e4 e6 2.d4 b5 3.Bxb5 Bb7 4.Bd3 f5 5.exf5 Bxg2 6.Qh5+ g6 7.fxg6 Bg7 8.gxh7+ Kf8
9.hxg8=Q+ Kxg8 10.Qg4 Bxh1 11.Bg5 Qf8 12.Nd2 Rxh2 13.O-O-O Nc6 14.Ngf3 Bxf3
15.Nxf3 Rh8 16.Be4 Re8 17.Rg1 Qf7 18.Be3 Qf6 19.Bg5 Qf7 20.Be3 Re7 21.Bxc6 dxc6
22.Ne5 Qf5 23.Ng6 Rf7 24.Nxh8 Qxg4 25.Rxg4 Kxh8 26.Rg6 Rf6 27.Rxf6 Bxf6 28.Kd2
Kg7 29.Kd3 Kf7 30.Bf4 Bd8 31.Kc4 Ke8 32.Kd3 Kd7 33.Ke4 Bf6 34.b3 Bh4 35.Bg3 Bf6
36.c4 a6 37.d5 cxd5+ 38.cxd5 c6 39.dxe6+ Kxe6 40.f4 Bb2 41.Bf2 Bg7 42.Bc5 Bb2
43.f5+ Kf7 44.Bd4 Ba3 45.Kd3 Bd6 46.Kc4 Bf8 47.Bc5 Bh6 48.Bd4 Bf8 49.b4 Bd6
50.Kb3 Bc7 51.Ka4 Bd8 52.a3 Bc7 53.Kb3 Bd6 54.Kc4 Bf8 55.a4 Bd6 56.a5 Bf8 57.Bc5
Bh6 58.Bd6 Be3 59.Be5 Ba7 60.Bd4 Bb8 61.Kd3 Bd6 62.Bc5 Bg3 63.Ke4 Bc7 64.Bd4 Bd6
65.Bc3 Bf8 66.Kd3 Bd6 67.Kc4 Bf8 68.Be5 Be7 69.f6 Bf8 70.Bd4 Bd6 71.Bc5 Bf4
72.Be7 Be3 73.Kd3 Bf2 74.Ke4 Bg3

[Event "2. Bundesliga West 2008/2009"]
[Site "Schwaz"]
[Date "2009.01.18"]
[Round "8"]
[Board "6"]
[White "Platzgummer, Fabian"]
[Black "Huber, Wolfgang"]
[Result "1-0"]
[WhiteElo "2187"]
[BlackElo "2048"]
[PlyCount "119"]
[EventDate "2008.10.17"]
[EventType "team"]
[EventRounds "11"]
[EventCountry "AUT"]
[WhiteTeam "Mayrhofen/Zillertal"]
[BlackTeam "Wuestenrot Inter Sbg Sued"]

1.e4 c6 2.Nc3 d5 3.d4 dxe4 4.Nxe4 Bf5 5.Ng3 Bg6 6.Nf3 Nd7 7.h4 h6 8.h5 Bh7 9.Bd3
Bxd3 10.Qxd3 e6 11.Bf4 Qa5+ 12.Bd2 Qc7 13.O-O-O Ngf6 14.Ne4 O-O-O 15.g3 Nxe4
16.Qxe4 Bd6 17.c4 c5 18.Bc3 Nf6 19.Qe2 cxd4 20.Nxd4 a6 21.Kb1 Kb8 22.Nb3 Qc6
23.Rh4 Bc7 24.Rhd4 Rxd4 25.Rxd4 e5 26.Rh4 Re8 27.Nd2 Qe6 28.Nf1 Bb6 29.Qc2 e4
30.Qe2 Qf5 31.Rf4 Qe6 32.g4 Qd7 33.Qd2 Qe6 34.Bxf6 Qxc4 35.Ne3 Bxe3 36.fxe3 gxf6
37.Rxf6 Rc8 38.b3 Qc3 39.Qxc3 Rxc3 40.Rxf7 Rxe3 41.Re7 Re2 42.Kc1 e3 43.Kd1 Rd2+
44.Ke1 Rd4 45.Rxe3 Rxg4 46.Re6 Rg2 47.Rxh6 Rxa2 48.Rf6 a5 49.Kf1 Rh2 50.Rf5 b6
51.Kg1 Rh4 52.Kg2 Kc7 53.Kg3 Rh1 54.Kg4 Kc6 55.Kg5 Rg1+ 56.Kf6 b5 57.h6 Rh1
58.Kg6 a4 59.bxa4 bxa4 60.h7